000
00278nam a2200097Ia 4500
008
220204s9999 xx 000 0 und d
082
_a
362(540)
_b
IND
245
0
_a
Plans and prospects of social welfare in India 1951-61
260
_a
India
_b
Publication Division
_c
1963
942
_c
BK
999
_c
19527
_d
19527